[Event "Oberliga NRW 8889 I"]
[Site "Germany"]
[Date "1988.??.??"]
[Round "4"]
[White "Ohst, Holger"]
[Black "Holtfrerich, Robert"]
[Result "1-0"]
[WhiteElo "2080"]
[BlackElo "1760"]
[PlyCount "99"]
[EventDate "1988.10.??"]
[EventType "team"]
[EventRounds "9"]
[EventCountry "GER"]
[SourceTitle "EXT 1997"]
[Source "ChessBase"]
[SourceDate "1996.11.15"]
[SourceVersion "1"]
[SourceVersionDate "1996.11.15"]
[SourceQuality "1"]
[WhiteTeam "Stolberg"]
[BlackTeam "Nordwalde"]
[WhiteTeamCountry "GER"]
[BlackTeamCountry "GER"]

1. c4 Nf6 2. Nc3 g6 3. g3 Bg7 4. Bg2 0-0 5. Nf3 c5 6. 0-0 Nc6 7. d4 cxd4 8. Nxd4 Nxd4 9. Qxd4 d6 10. Qd3 Rb8 11. e4 Nd7 12. Be3 b6 13. b3 Bb7 14. Rad1 Nc5 15. Qc2 Re8 16. Bd4 Ne6 17. Bxg7 Nxg7 18. Qd2 Qc8 19. h3 Qc5 20. Kh2 Qh5 21. f4 Bc8 22. Nb5 a6 23. Nc7 Rf8 24. Nd5 Re8 25. Qe3 b5 26. Nc7 Rf8 27. Rd5 Qh6 28. cxb5 axb5 29. Rxb5 Rxb5 30. Nxb5 Ba6 31. Qb6 Bxb5 32. Qxb5 Ne8 33. a4 Nf6 34. Bf3 e5 35. fxe5 dxe5 36. Qxe5 Qg7 37. Qa1 Rd8 38. Rd1 Rd2+ 39. Kg1 Qh6 40. Rxd2 Qxd2 41. Qxf6 Qe1+ 42. Kg2 Qd2+ 43. Kf1 Qc1+ 44. Ke2 Qc2+ 45. Ke1 Qb1+ 46. Bd1 Qxe4+ 47. Kf2 Qd5 48. Qf3 Qd4+ 49. Kg2 Qd2+ 50. Be2 1-0